Yoga for health (Record no. 359347)

MARC details
000 -LEADER
fixed length control field 00454 a2200181 4500
005 - DATE & TIME
control field 20250422115603.0
008 - FIXED-LENGTH DATA ELEMENTS--GENERAL INFORMATION
fixed length control field 250422b |||||||| |||| 00| 0 eng d
020 ## - ISBN
International Standard Book Number 9788175241624
Price Rs. 1500.00
040 ## - CATALOGING SOURCE
Original cataloging agency VIVEKANANDA LIBRARY
082 ## - DDC NUMBER
Classification number 613.7046
Book Number C361V
100 ## - MAIN ENTRY--PERSONAL NAME
Personal name Chandrashekhar, K, ed.
245 ## - TITLE STATEMENT
Title Yoga for health
260 ## - PUBLICATION, DISTRIBUTION, ETC. (IMPRINT)
Name of publisher, distributor, etc Khel Sahitya Kendra
Date of publication, distribution, etc 2024
Place of publication, distribution, etc New Delhi
300 ## - PHYSICAL DESCRIPTION
Pages 383
650 ## - Subject
Subject Yoga
650 ## - Subject
General subdivision Physical Education
942 ## - ADDED ENTRY ELEMENTS (KOHA)
Koha item type Books
Holdings
Withdrawn status Lost status Source of classification or shelving scheme Damaged status Not for loan Location (home branch) Sublocation or collection (holding branch) Shelving location Date acquired Koha issues (times borrowed) Koha full call number Accession No. Koha date last seen Koha item type
    Dewey Decimal Classification     VIVEKANANDA LIBRARY VIVEKANANDA LIBRARY Vivekananda Library 09/01/2025   613.7046 C361V 436509 09/01/2025 Books
© Designed and Maintained by Vivekananda Library, MDU Rohtak